|
|
|
|
| LEADER |
01143nam a22003017a 4500 |
| 001 |
36248 |
| 003 |
BD-DhAAL |
| 005 |
20211130155148.0 |
| 008 |
191104t2002 maua 000 0 eng d |
| 999 |
|
|
|c 41747
|d 41747
|
| 020 |
|
|
|a 0618105018
|
| 020 |
|
|
|a 9780618105014
|
| 040 |
|
|
|a BD-DhAAL
|
| 082 |
|
|
|a 372.7044
|2 22
|
| 245 |
|
|
|a Houghton Mifflin mathematics.
|p English language learners handbook.
|
| 246 |
|
|
|a English language learners handbook
|
| 246 |
|
|
|a Mathematics
|
| 260 |
|
|
|a Boston :
|b Houghton Mifflin,
|c 2002
|
| 300 |
|
|
|a xvii, 198 pages :
|b illustrations ;
|c 28 cm.
|
| 362 |
|
|
|a Vol. 1
|
| 526 |
|
|
|a BIED
|
| 541 |
|
|
|a Complimentary copy from BIED
|e 36248
|
| 650 |
|
|
|a Mathematics
|x Study and teaching (Primary).
|9 36735
|
| 650 |
|
|
|a Mathematics
|x Study and teaching (Elementary).
|9 36736
|
| 710 |
|
|
|a Houghton Mifflin Company.
|9 36737
|
| 852 |
|
|
|a Ayesha Abed Library
|c BIED Collection
|
| 942 |
|
|
|2 ddc
|c BK
|
| 952 |
|
|
|0 0
|1 0
|2 ddc
|4 0
|6 372_704400000000000_HOU
|7 0
|9 66999
|a BRACUL
|b BRACUL
|c GEN
|d 2019-11-04
|e Complimentary copy from BIED
|l 0
|o 372.7044 HOU
|p 3010036248
|r 2019-11-04
|t 1
|w 2019-11-04
|y BK
|x Transferred from BIED to General Stacks
|